<?xml version="1.0" encoding="UTF-8"?><?xml-stylesheet type="text/xsl" href="static/style.xsl"?><OAI-PMH xmlns="http://www.openarchives.org/OAI/2.0/" xmlns:xsi="http://www.w3.org/2001/XMLSchema-instance" xsi:schemaLocation="http://www.openarchives.org/OAI/2.0/ http://www.openarchives.org/OAI/2.0/OAI-PMH.xsd"><responseDate>2026-05-14T10:47:10Z</responseDate><request verb="GetRecord" identifier="oai:repisalud.isciii.es:20.500.12105/25152" metadataPrefix="marc">https://repisalud.isciii.es/rest/oai/request</request><GetRecord><record><header><identifier>oai:repisalud.isciii.es:20.500.12105/25152</identifier><datestamp>2025-12-18T12:55:45Z</datestamp><setSpec>com_20.500.12105_25100</setSpec><setSpec>com_20.500.12105_6723</setSpec><setSpec>com_20.500.12105_2337</setSpec><setSpec>com_20.500.12105_2336</setSpec><setSpec>col_20.500.12105_25101</setSpec></header><metadata><record xmlns="http://www.loc.gov/MARC21/slim" xmlns:dcterms="http://purl.org/dc/terms/" xmlns:doc="http://www.lyncode.com/xoai" xmlns:xsi="http://www.w3.org/2001/XMLSchema-instance" xsi:schemaLocation="http://www.loc.gov/MARC21/slim http://www.loc.gov/standards/marcxml/schema/MARC21slim.xsd">
   <leader>00925njm 22002777a 4500</leader>
   <datafield ind2=" " ind1=" " tag="042">
      <subfield code="a">dc</subfield>
   </datafield>
   <datafield ind2=" " ind1=" " tag="720">
      <subfield code="a">Meyer, Mariana</subfield>
      <subfield code="e">author</subfield>
   </datafield>
   <datafield ind2=" " ind1=" " tag="260">
      <subfield code="c">2023-10</subfield>
   </datafield>
   <datafield ind2=" " ind1=" " tag="520">
      <subfield code="a">Objetivo: En Elsevier Health trabajamos para mejorar la atención sanitaria en beneficio de cada paciente. Durante más de 135 años, Elsevier se ha especializado en desarrollar soluciones en ciencias de la salud para impactar positivamente la educación y la atención apoyando a docentes, estudiantes, profesionales y pacientes a mejorar los resultados clínicos a través de contenidos y plataformas basados en la evidencia. Tenemos como objetivo crear colaboraciónes y asociaciones con instituciones académicas, hospitales y organizaciones científicas líderes en España para comprender los desafíos que enfrentan y proponer soluciones inovadoras. En esta presentación hablaremos especificamente sobre Osmosis, una poderosa plataforma de aprendizaje visual basada en la ciencia del aprendizaje y en la evidencia. Osmosis hace que los temas médicos complejos sean fáciles de entender a través de vídeos ilustrados por expertos, preguntas, flashcards y resúmenes de contenido, además de interacciones con otras plataformas de Elsevier. Contenidos: En esta presentación veremos cómo Osmosis facilita y apoya la enseñanza y aprendizaje en salud a través de: Acceso a material relevante simplificado – economiza tiempo de búsqueda en herramientas web. Extensa biblioteca de más de 1700 videos que pueden resumir una exposición de 1 hora en 10 minutos. Maximización del potencial de aprendizaje con la posibilidad de estudiar en cualquier momento y lugar. Repetición espaciada potenciada, con miles de elementos de evaluación. Evitar la sobrecarga de información con resúmenes rápidos personalizados. Detener el estrés del examen con revisión constante a través de preguntas relevantes de autoevaluación con explicaciones detalladas.</subfield>
   </datafield>
   <datafield ind1="8" ind2=" " tag="024">
      <subfield code="a">XVII Jornadas de Información y Documentación en Ciencias de la Salud - Bibliosalud 2023. Valladolid 19 y 20 de octubre de 2023.</subfield>
   </datafield>
   <datafield ind1="8" ind2=" " tag="024">
      <subfield code="a">https://hdl.handle.net/20.500.12105/25152</subfield>
   </datafield>
   <datafield tag="653" ind2=" " ind1=" ">
      <subfield code="a">Elsevier Health</subfield>
   </datafield>
   <datafield tag="653" ind2=" " ind1=" ">
      <subfield code="a">Ciencias de la salud</subfield>
   </datafield>
   <datafield tag="653" ind2=" " ind1=" ">
      <subfield code="a">Plataformas docentes</subfield>
   </datafield>
   <datafield tag="653" ind2=" " ind1=" ">
      <subfield code="a">e-learning</subfield>
   </datafield>
   <datafield tag="653" ind2=" " ind1=" ">
      <subfield code="a">Aprendizaje visual</subfield>
   </datafield>
   <datafield ind2="0" ind1="0" tag="245">
      <subfield code="a">Cómo aprender por Osmosis</subfield>
   </datafield>
</record></metadata></record></GetRecord></OAI-PMH>